[Event "Sparkassen-Open A"]
[Site "Heusenstamm, Martinsee"]
[Date "2022.11.20"]
[Round "6.78"]
[White "Klein, Levent"]
[Black "Calvi, Stefan"]
[Result "1-0"]
[WhiteElo "1486"]
[BlackElo "2016"]
[PlyCount "35"]
[EventDate "2022.??.??"]
[WhiteTeam "SC Weilerbach"]
[BlackTeam "SV Oberursel"]

1. d4 Nf6 2. c4 c5 3. d5 b5 4. Qc2 bxc4 5. e4 d6 6. Bxc4 g6 7. Nc3 Bg7 8. h3
O-O 9. Be3 Qa5 10. Nge2 Ba6 11. Bxa6 Nxa6 12. a3 Nd7 13. O-O Rab8 14. f4 Rfc8
15. Rfc1 Nc7 16. b4 cxb4 17. axb4 Qxb4 18. Rcb1 1-0

[Event "Sparkassen-Open A"]
[Site "Heusenstamm, Martinsee"]
[Date "2022.11.20"]
[Round "6.79"]
[White "Schellen, Sven"]
[Black "Fanin, Erik"]
[Result "0-1"]
[WhiteElo "1789"]
[BlackElo "1850"]
[PlyCount "98"]
[EventDate "2022.??.??"]
[WhiteTeam "SV Frankfurt Nord 1926"]
[BlackTeam "SK König Tegel 1949"]

1. d4 Nf6 2. Nf3 g6 3. c4 Bg7 4. Nc3 O-O 5. Bf4 d6 6. e3 Nbd7 7. Be2 b6 8. O-O
Bb7 9. Qc2 Re8 10. Rfd1 Qc8 11. d5 Nf8 12. h3 e5 13. dxe6 Nxe6 14. Bh2 Nc5 15.
Rac1 a5 16. Nd4 Nce4 17. Nd5 Nd7 18. Bf3 Ng5 19. Bg4 h5 20. h4 hxg4 21. hxg5
Qd8 22. Nb5 Rc8 23. Ndxc7 Rxc7 24. Nxc7 Qxc7 25. Rxd6 Be5 26. Rxg6+ fxg6 27.
Qxg6+ Kf8 28. Qf5+ Kg7 29. Bxe5+ Nxe5 30. Rd1 Rf8 31. Qe6 Bc8 32. Qh6+ Kg8 33.
Rd6 Bf5 34. Rxb6 Qxc4 35. g6 Qc1+ 36. Kh2 Qc7 37. Kg1 Nxg6 38. Rxg6+ Bxg6 39.
Qxg6+ Qg7 40. Qe6+ Kh8 41. Qd5 Qf7 42. Qe5+ Kh7 43. Qh2+ Kg6 44. Qh4 Qf5 45. a3
Rf7 46. f3 gxf3 47. Qg3+ Qg5 48. Qd6+ Rf6 49. Qd3+ Kh6 0-1

[Event "Sparkassen-Open A"]
[Site "Heusenstamm, Martinsee"]
[Date "2022.11.20"]
[Round "6.80"]
[White "Hering, Sven"]
[Black "Faßler, Felix"]
[Result "1-0"]
[WhiteElo "1908"]
[BlackElo "1430"]
[PlyCount "45"]
[EventDate "2022.??.??"]
[WhiteTeam "VfB 07 Lettin"]
[BlackTeam "SC Fulda"]

1. e4 c6 2. Nc3 d5 3. Nf3 dxe4 4. Nxe4 Nf6 5. Qe2 Nxe4 6. Qxe4 Nd7 7. Bc4 Nf6
8. Ne5 e6 9. Qe2 b5 10. Bb3 Qc7 11. d4 Bd6 12. O-O O-O 13. c3 Bb7 14. Bg5 a6
15. Rad1 c5 16. Bc2 cxd4 17. Bxf6 gxf6 18. Bxh7+ Kxh7 19. Qh5+ Kg7 20. Qg4+ Kh7
21. Rd3 Bxg2 22. Qxg2 Rg8 23. Rh3# 1-0

[Event "Sparkassen-Open A"]
[Site "Heusenstamm, Martinsee"]
[Date "2022.11.20"]
[Round "6.81"]
[White "Fröhlich-Dill, Astrid"]
[Black "Kolker, Vladislav"]
[Result "0-1"]
[WhiteElo "1799"]
[BlackElo "1898"]
[PlyCount "60"]
[EventDate "2022.??.??"]
[WhiteTeam "SV 1920 Hofheim"]
[BlackTeam "SC Bad Nauheim"]

1. d4 Nf6 2. Nf3 g6 3. c4 Bg7 4. Nc3 O-O 5. e4 d6 6. Be2 Na6 7. O-O e5 8. d5
Nc5 9. Qc2 a5 10. Be3 b6 11. h3 Nh5 12. Qd2 Bd7 13. Bh6 Qe8 14. g4 Nf4 15. Bxg7
Kxg7 16. Kh2 f5 17. gxf5 gxf5 18. Ng5 h6 19. Rg1 hxg5 20. Rxg5+ Kf6 21. Rag1
Rh8 22. Bf1 fxe4 23. R1g3 Bxh3 24. Bxh3 Rxh3+ 25. Rxh3 Kxg5 26. Rg3+ Kf6 27.
Qe3 Qh5+ 28. Kg1 Rh8 29. Nxe4+ Nxe4 30. Qxe4 Qd1+ 0-1

[Event "Sparkassen-Open A"]
[Site "Heusenstamm, Martinsee"]
[Date "2022.11.20"]
[Round "6.82"]
[White "Meyer-Jany, Marcel"]
[Black "Fechner, Andreas"]
[Result "1-0"]
[WhiteElo "1766"]
[BlackElo "1875"]
[PlyCount "47"]
[EventDate "2022.??.??"]
[WhiteTeam "SK Herborn 1946"]
[BlackTeam "Spvgg Böblingen"]

1. d4 e6 2. c4 d5 3. Nc3 Nf6 4. cxd5 exd5 5. Bg5 c6 6. e3 Be7 7. Qc2 O-O 8. Bd3
Nbd7 9. Nf3 Re8 10. O-O Nf8 11. Rab1 Ne4 12. Bxe7 Qxe7 13. b4 b6 14. Ne5 Nxc3
15. Qxc3 c5 16. bxc5 bxc5 17. Bb5 cxd4 18. exd4 Bd7 19. Bxd7 Nxd7 20. Rb7 Rec8
21. Qh3 Qg5 22. Qxd7 Rc1 23. Qxf7+ Kh8 24. f4 1-0

[Event "Sparkassen-Open A"]
[Site "Heusenstamm, Martinsee"]
[Date "2022.11.20"]
[Round "6.84"]
[White "Lorenz, Alexander"]
[Black "Peter, Laurenz"]
[Result "1-0"]
[WhiteElo "1691"]
[BlackElo "1851"]
[PlyCount "83"]
[EventDate "2022.??.??"]
[WhiteTeam "SV Bergwinkel"]
[BlackTeam "SG Kaarst 1912/35"]

1. e4 c5 2. Nf3 e6 3. d4 cxd4 4. Nxd4 a6 5. Nc3 b5 6. Bd3 Qb6 7. Nb3 Qc7 8. O-O
Nf6 9. f4 d6 10. Qe2 Nbd7 11. Re1 e5 12. fxe5 dxe5 13. Nd5 Qd6 14. c4 bxc4 15.
Bxc4 Bb7 16. Rd1 Qc6 17. Kh1 Bc5 18. Na5 Qc8 19. Nxb7 Qxb7 20. Bxa6 Rxa6 21.
Qxa6 Qxa6 22. Nc7+ Ke7 23. Nxa6 Nxe4 24. Nxc5 Nf2+ 25. Kg1 Nxd1 26. Nxd7 Kxd7
27. Kf1 Ke6 28. Ke2 Rd8 29. Bg5 Rb8 30. Kxd1 Rxb2 31. Bd2 e4 32. Kc1 Rb5 33. a4
Rf5 34. a5 Rf1+ 35. Kb2 Rf2 36. Kc3 Rxg2 37. a6 Rxh2 38. a7 Rh3+ 39. Kc4 Rd3
40. a8=Q f5 41. Ra6+ Ke7 42. Bg5+ 1-0

[Event "Sparkassen-Open A"]
[Site "Heusenstamm, Martinsee"]
[Date "2022.11.20"]
[Round "6.85"]
[White "Groß, Phillip"]
[Black "Hasselbacher, Uwe"]
[Result "0-1"]
[WhiteElo "1669"]
[BlackElo "1815"]
[PlyCount "72"]
[EventDate "2022.??.??"]
[WhiteTeam "Spvgg Böblingen"]
[BlackTeam "SC Fulda"]

1. d4 c5 2. d5 Nf6 3. c4 b5 4. f3 g6 5. e4 d6 6. cxb5 Bg7 7. Ne2 O-O 8. Nec3 a6
9. a4 Bb7 10. Na3 e6 11. Bc4 exd5 12. Nxd5 Nbd7 13. O-O Nxd5 14. Bxd5 Bd4+ 15.
Kh1 Bxd5 16. exd5 axb5 17. Nxb5 Bg7 18. Nxd6 Ne5 19. Ne4 c4 20. Bd2 Nd3 21. Bc3
f5 22. Bxg7 Kxg7 23. Nc3 Qb6 24. Qd2 Rfe8 25. Nb5 Kg8 26. b3 Re3 27. bxc4 Rae8
28. h3 Qc5 29. a5 Nf4 30. Rfe1 Ne2 31. a6 Ng3+ 32. Kh2 Re2 33. Rxe2 Nxe2 34. a7
Kg7 35. a8=Q Rxa8 36. Rxa8 Qg1# 0-1

[Event "Sparkassen-Open A"]
[Site "Heusenstamm, Martinsee"]
[Date "2022.11.20"]
[Round "6.86"]
[White "Sarbu, Marc Constantin"]
[Black "Nahler, Michael"]
[Result "0-1"]
[WhiteElo "1557"]
[BlackElo "1825"]
[PlyCount "78"]
[EventDate "2022.??.??"]
[WhiteTeam "SV Jedesheim 1921"]
[BlackTeam "SV Oberursel"]

1. e4 e5 2. Nf3 Nf6 3. Nc3 Bb4 4. Nd5 Nxd5 5. exd5 d6 6. c3 Bc5 7. Bb5+ c6 8.
Ba4 O-O 9. dxc6 Nxc6 10. O-O e4 11. Ne1 Qh4 12. d4 exd3 13. Bxc6 bxc6 14. Qxd3
a5 15. Nf3 Qh5 16. Be3 Ba6 17. c4 Bxe3 18. fxe3 Qc5 19. b3 Rad8 20. Rac1 Rfe8
21. Nd4 Re5 22. Rf3 Rde8 23. Kf2 d5 24. Qc3 dxc4 25. bxc4 Bb7 26. Rb1 Ba6 27.
Rc1 Rb8 28. Nxc6 Rxe3 29. Rxe3 Qxc6 30. Qe5 Rd8 31. Qe4 Qf6+ 32. Kg1 h6 33. Qe7
Qd4 34. c5 Bb5 35. Qe4 Qd2 36. Rce1 Re8 37. Qf3 Qxe1+ 38. Rxe1 Rxe1+ 39. Kf2
Rf1+ $138 0-1

[Event "Sparkassen-Open A"]
[Site "Heusenstamm, Martinsee"]
[Date "2022.11.20"]
[Round "6.87"]
[White "Colditz, Elias"]
[Black "Rabiya, Karim"]
[Result "1-0"]
[WhiteElo "1680"]
[BlackElo "1799"]
[PlyCount "80"]
[EventDate "2022.??.??"]
[WhiteTeam "SV Multatuli Ingelheim"]
[BlackTeam "SK Niederbrechen 1948"]

1. e4 Nf6 2. e5 Nd5 3. c4 Nb6 4. d4 d6 5. exd6 cxd6 6. Nc3 g6 7. Nf3 Bg7 8. Be3
O-O 9. Be2 Nc6 10. h3 d5 11. c5 Nc4 12. Bxc4 dxc4 13. O-O Bf5 14. Re1 Nb4 15.
Re2 b6 16. Na4 Nd5 17. cxb6 axb6 18. Nc3 Ra3 19. Nxd5 Rd3 20. Nxe7+ Qxe7 21.
Qa4 Qe6 22. Rd2 Rc8 23. Rc1 Rxe3 24. fxe3 Qxe3+ 25. Kh1 c3 26. Rxc3 Rxc3 27.
bxc3 Bxh3 28. Qa8+ Bf8 29. gxh3 Qxc3 30. Kg2 Kg7 31. Qb8 Qb4 32. Qe5+ Kh6 33.
Qf6 Be7 34. Qxf7 Bg5 35. Re2 Bc1 36. Qe7 Qc4 37. Qf8+ Kh5 38. Re5+ g5 39. Qe8+
Kh6 40. Re6+ Kg7 1-0

[Event "Sparkassen-Open A"]
[Site "Heusenstamm, Martinsee"]
[Date "2022.11.20"]
[Round "6.88"]
[White "Reuter, Klaus"]
[Black "Marchese, Gaspare"]
[Result "1-0"]
[WhiteElo "1599"]
[BlackElo "1803"]
[PlyCount "58"]
[EventDate "2022.??.??"]
[WhiteTeam "vereinslos"]
[BlackTeam "SC Matt im Park Ffm"]

1. d4 Nf6 2. Nc3 d5 3. Bf4 c6 4. Nf3 Bf5 5. h3 h6 6. Qd2 e6 7. a3 Nbd7 8. e3
Be7 9. Bd3 Ne4 10. Bxe4 dxe4 11. Ne5 Nf6 12. g4 Bh7 13. Bh2 Nd5 14. Nxd5 exd5
15. f4 f6 16. O-O-O fxe5 17. dxe5 Qb6 18. Bg1 Rf8 19. c4 O-O-O 20. Qc3 dxc4 21.
Rxd8+ Rxd8 22. Qxc4 Rd5 23. b4 a5 24. Rh2 Qd8 25. Rg2 axb4 26. axb4 Qb6 27. Rc2
Bxb4 28. Qxd5 Bg8 29. Qxg8+ Kc7 1-0

[Event "Sparkassen-Open A"]
[Site "Heusenstamm, Martinsee"]
[Date "2022.11.20"]
[Round "6.89"]
[White "Hilbenz, Guntram"]
[Black "Abdo, Alan"]
[Result "1-0"]
[WhiteElo "1829"]
[BlackElo "1686"]
[PlyCount "90"]
[EventDate "2022.??.??"]
[WhiteTeam "SC Bad Nauheim"]
[BlackTeam "SC Listiger Bauer Essen-West"]

1. c4 e5 2. g3 Nf6 3. Bg2 Bc5 4. Nc3 Nc6 5. e3 d6 6. a3 a5 7. Nge2 Bg4 8. h3
Bh5 9. g4 Bg6 10. d4 Bb6 11. Nd5 Ba7 12. b4 axb4 13. axb4 Ne4 14. b5 Ne7 15.
Bb2 Nxd5 16. cxd5 f6 17. f3 f5 18. fxe4 Qh4+ 19. Kd2 fxe4 20. Qe1 Qe7 21. dxe5
dxe5 22. Qg3 O-O 23. Qxe5 Qxe5 24. Bxe5 c6 25. b6 Bxb6 26. Rxa8 Rxa8 27. Ra1
Rd8 28. d6 Bc5 29. Nf4 Bxd6 30. Bxd6 Rxd6+ 31. Ke2 Be8 32. Bxe4 g5 33. Nh5 Bxh5
34. gxh5 h6 35. Ra8+ Kg7 36. Ra7 Kf6 37. Rxb7 c5 38. Rc7 Ke5 39. Re7+ Kf6 40.
Rc7 Ke5 41. Bf3 Rd8 42. Rxc5+ Kf6 43. Rc6+ Kg7 44. Rg6+ Kh7 45. Be4 Re8 1-0

[Event "Sparkassen-Open A"]
[Site "Heusenstamm, Martinsee"]
[Date "2022.11.20"]
[Round "6.90"]
[White "Minor, Dieter"]
[Black "John, Volkmar"]
[Result "1-0"]
[WhiteElo "1817"]
[BlackElo "1642"]
[PlyCount "127"]
[EventDate "2022.??.??"]
[WhiteTeam "Wiesbadener SV 1885"]
[BlackTeam "SK Herborn 1946"]

1. e4 e5 2. Nf3 Nc6 3. Bc4 Bc5 4. O-O Nf6 5. d3 d6 6. Nc3 Bg4 7. Be3 Bb6 8. Nb1
Qe7 9. Nbd2 h6 10. Qe1 Na5 11. Bb5+ c6 12. Ba4 Bxe3 13. Qxe3 b5 14. Bb3 O-O 15.
h3 Nxb3 16. axb3 Bd7 17. Rxa7 Rxa7 18. Qxa7 Nh5 19. Kh2 Qe6 20. Qe3 Nf4 21. Ng1
f5 22. exf5 Rxf5 23. Ne4 h5 24. h4 Nd5 25. Qg3 Rf4 26. Ne2 Rg4 27. Qh3 Qe7 28.
Qf3 Rxh4+ 29. Kg1 Bg4 30. Qg3 Bxe2 31. Ra1 Rg4 32. Qh2 Qh4 33. Qxh4 Rxh4 34.
Ng5 g6 35. f3 Rf4 36. Ra8+ Kg7 37. Ne6+ Kf6 38. Nxf4 Nxf4 39. Kf2 Bd1 40. Ra6
Bxc2 41. Rxc6 Bxd3 42. g3 Ne6 43. Rxd6 Bc2 44. Rb6 Bxb3 45. Rxb5 Nd4 46. Rb4
Bd5 47. f4 Nc6 48. Rb5 Ke6 49. Ke3 e4 50. Rb6 Kf5 51. b4 Kg4 52. Rb7 Kxg3 53.
b5 Na5 54. Rg7 Nc4+ 55. Kd4 e3 56. Kxd5 e2 57. Re7 Nb6+ 58. Kc6 Na4 59. Rxe2
Kxf4 60. Rc2 h4 61. Rc4+ Kg3 62. Rxa4 h3 63. b6 h2 64. Ra1 1-0